00724nam a2200241 a 4500001001300000003000900013005001700022008004100039020002300080082002200103100002100125245002100146260004400167300001000211500003500221505001700256650002100273700002100294902000800315942000700323952013500330999001700465nice12345678IN_TiNIC20260116014726.0140129s2012 lona grp 000 0 eng  a0198078544 c67500a323.3970954bROB1 aRobinson, Rowena aMinority Studies aLondan bOxford University Press c2012 a319p  aincludes index and biblioraphy2 anotes, index aMinorities-India1 aRobinson, Rowena bSRS cBK 001040708StackRoom-aHMIbHMId2014-01-29g675.00l1o323.3970954 ROB1p024319r2018-03-08s2018-03-05v675.00w2014-01-29yBK c16658d16658